| 000 | 00575nam a22002057a 4500 | ||
|---|---|---|---|
| 003 | OSt | ||
| 005 | 20140310184458.0 | ||
| 008 | 130122t xxu||||| |||| 00| 0 eng d | ||
| 020 | _a9780439199001 | ||
| 050 |
_aGV 1507.P47 _b.M2926 1998 |
||
| 100 |
_aMarzollo, Jean _96141 |
||
| 245 |
_aI spy goldchallenger! : _cJean Marzollo _ba book of picture riddles / |
||
| 260 |
_aNew York : _bScholastic Inc., _cc1998. |
||
| 300 |
_a31 p. : _bcol. ill. ; _c31 cm. |
||
| 521 | _aG3 | ||
| 526 | _c550 | ||
| 650 |
_aRiddles _910954 |
||
| 942 |
_2lcc _cBK-SCHOLAS |
||
| 999 |
_c34692 _d34692 |
||